000 00620nam a22001937a 4500
005 20251108173657.0
008 250721s2006 xx 000 0 ara d
082 1 4 _a956.442/شرا
100 1 _aشراب، محمد محمد حسن
245 1 0 _aغزة هاشم: عروس الشام و ثغر المرابطين /
264 1 _aعمان :
_bالأهلية للنشر و التوزيع،
_c2006.
300 _a480 ص.
490 0 _aالمدائن الفلسطينية
_v5
650 1 7 _aتاريخ فلسطين
650 1 7 _aالمدن العربية
653 _aغزة
942 _2ddc
_cBK
999 _c109713
_d109713